Cool! / (Record no. 828)

MARC details
000 -LEADER
fixed length control field 01609nam a22002657a 4500
005 - DATE AND TIME OF LATEST TRANSACTION
control field 20230804160957.0
020 ## - INTERNATIONAL STANDARD BOOK NUMBER
International Standard Book Number FISTK05205
040 ## - CATALOGING SOURCE
Original cataloging agency FISKH
Language of cataloging eng
Transcribing agency FISKH
Modifying agency FISKH
050 ## - LIBRARY OF CONGRESS CALL NUMBER
Classification number PZ7.M82712
082 ## - DEWEY DECIMAL CLASSIFICATION NUMBER
Classification number 823.914
100 ## - MAIN ENTRY--PERSONAL NAME
Personal name Morpurgo, Michael.
245 ## - TITLE STATEMENT
Title Cool! /
Statement of responsibility, etc. Morpurgo, Michael ; illustrated by Foreman Michael.
260 ## - PUBLICATION, DISTRIBUTION, ETC.
Place of publication, distribution, etc. London :
Name of publisher, distributor, etc. Harper Collins,
Date of publication, distribution, etc. 2002.
300 ## - PHYSICAL DESCRIPTION
Extent 103 pages :
Other physical details illustrations ;
Dimensions 20 cm.
505 ## - FORMATTED CONTENTS NOTE
Formatted contents note P <br/>
520 ## - SUMMARY, ETC.
Summary, etc. Michael Morpurgo's inspiring new story of Robbie, a boy in a coma - victim of a car accident. Locked inside his own head, able to hear but not move or speak, Robbie tries to keep himself from slipping ever deeper into unconsciousness. Robbie, football fan and animal lover, runs after his dog Lucky one day when he chases a cat and is hit by a car. Unconscious, Robbie lies in hospital, unable to speak, move or eat. But he can hear; he is aware, even though his family and friends don't know this. Inside his head, we hear Robbie's thoughts; on his Mum and sister, why his parents are separated. His friends and family try desperately to reach him - even Zola, his favourite Chelsea footballer, comes to see him. And still Robbie can't 'wake up'. Until one day, against hospital rules, Dad brings Lucky into the hospital. Can Lucky bring Robbie back to life?
521 ## - TARGET AUDIENCE NOTE
Target audience note 650 <br/>
Source Lexile <br/>
521 ## - TARGET AUDIENCE NOTE
Target audience note P <br/>
Source Raz-Plus <br/>
650 ## - SUBJECT ADDED ENTRY--TOPICAL TERM
Topical term or geographic name entry element animals
Form subdivision dogs
General subdivision fiction
650 ## - SUBJECT ADDED ENTRY--TOPICAL TERM
Topical term or geographic name entry element animals
Form subdivision dogs
General subdivision fiction
700 ## - ADDED ENTRY--PERSONAL NAME
Personal name Foreman, Michael.
Titles and other words associated with a name illustrator.
942 ## - ADDED ENTRY ELEMENTS (KOHA)
Source of classification or shelving scheme Dewey Decimal Classification
Koha item type Books
Suppress in OPAC No
999 ## -
-- 828
-- 828
Holdings
Withdrawn status Lost status Source of classification or shelving scheme Damaged status Not for loan Collection Home library Current library Shelving location Date acquired Total Checkouts Full call number Barcode Date last seen Date last checked out Price effective from Koha item type
    Dewey Decimal Classification     Fiction Footprints International School Library Network Toul Kork Campus Footprints International School Library Network Toul Kork Campus TK Primary Library Room(4th Floor), Bookcase 5&6, Shelves 33-56, Orange Books 07/11/2023 3 MOR Fic 823.914 PZ7.M82712 FISTK05205 12/06/2023 12/06/2023 07/11/2023 Books